Beta likelihood models of probabilistic forecasts.

Formulácia modelov triedy parametrickej pravdepodobnosti pre nepretržité pravdepodobnostné predpovede binárnych stavov, na základe hustôt skupiny beta. Odvodzuje sa charakteristika modelov vhodných pre aplikácie. Ilustrácia aplikáciou na meteorologické predpovede.

Salvato in:
Dettagli Bibliografici
Autore principale: Krzysztofowicz, R.
Altri autori: Long, D.
Natura: Capitolo di libro
Lingua:inglese
Soggetti:
Tags: Aggiungi Tag
Nessun Tag, puoi essere il primo ad aggiungerne!!

MARC

LEADER 00000naa a2200000 4500
001 r005071
005 20221130101904.5
041 0 |a eng 
044 |a NL 
245 1 0 |a Beta likelihood models of probabilistic forecasts.  |c R. Krzysztofowicz, D. Long 
520 |a Formulácia modelov triedy parametrickej pravdepodobnosti pre nepretržité pravdepodobnostné predpovede binárnych stavov, na základe hustôt skupiny beta. Odvodzuje sa charakteristika modelov vhodných pre aplikácie. Ilustrácia aplikáciou na meteorologické predpovede. 
610 2 0 |a pravdepodobnosť 
610 2 0 |a modely prognostické 
610 2 0 |a meteorológia 
610 2 0 |a rozdelenie pravdepodobnosti 
610 2 0 |a predvídanie 
100 1 |a Krzysztofowicz, R. 
700 1 |a Long, D.